000 00948nam a2200241Ia 4500
003 OSt
005 20220923220823.0
006 a|||||r|||| 00| 0
007 ta
008 220922b |||||||| |||| 00| 0 hin d
024 _a190,919
037 _cTextual
040 _aARTS
_cARTS
_bhin
041 _2hin
_ahin
082 _aR65:6z7, 152K5
100 _aसरस्वती, अखंडानन्द, ब्उण्
_9164653
245 0 _aभक्तियोग
_b श्रीमदेमगवद्गीता के बारहवे अध्याय का प्रवचन
246 _aBhaktiyoga: shrīmademagavadgītā ke bārahave adhyāya kā pravachana
260 _c1965
490 _aसत्साहितय प्रकाशन ट्रस्ट; 8
942 _hR65:6z7, 152K5
_cTEXL
_2CC
999 _c343640
_d343640